000 01359cam a2200373 i 4500
001 53364
005 20230411085934.0
008 780109s1977 nyua bd 001 0 eng
010 _a 76019741
035 _a(OCoLC)ocm03609949
040 _aDLC
_cDLC
_dMUQ
_dBAKER
_dBTCTA
_dDRFGD
020 _a068414834X
020 _a9780684148342
029 1 _aNZ1
_b3281906
035 _a(OCoLC)3609949
041 1 _aengger
082 0 0 _a792/.03
049 _aGRAL
050 1 4 _aE56e 1977
245 0 4 _aThe Encyclopedia of world theater :
_bwith 420 illustrations and an index of play titles /
_cintrod. by Martin Esslin.
260 _aNew York :
_bScribner,
_cc1977.
300 _a320 p. :
_bill. ;
_c30 cm.
500 _aBased on Friedrichs Theaterlexikon, by K. Grèoning and W. Kliess; translated by Estella Schmid, adapted and amplified under the general editorship of Martin Esslin.
504 _aIncludes bibliographical references and index.
650 0 _aTheater
_xDictionaries.
650 6 _aThâeãatre
_xDictionnaires anglais.
700 1 _aEsslin, Martin,
_d1918-2002.
700 1 _aGrèoning, Karl.
_tFriedrichs Theaterlexikon.
938 _aBaker & Taylor
_bBKTY
_c15.98
_d11.99
_i068414834X
_n0000203340
_sactive
938 _aBaker and Taylor
_bBTCP
_n76019741
_c$25.00
942 _2lcc
_cbk
946 _almminaya
994 _aC0
_bDRFGD
999 _c109651
_d109651